Rationality of industrialization or industrialization of rationality? /
Salvato in:
| Autore principale: | |
|---|---|
| Natura: | testo |
| Tags: |
Aggiungi Tag
Nessun Tag, puoi essere il primo ad aggiungerne!!
|
MARC
| LEADER | 00000 a a2200000 04500 | ||
|---|---|---|---|
| 001 | 48393 | ||
| 003 | |||
| 040 | |||
| 100 | |a Badham, Richard | ||
| 245 | |a Rationality of industrialization or industrialization of rationality? / |c Richard Badham | ||
| 500 | |a Incluye los apartados: The positive view of progress, The negative view of progress | ||
| 773 | |g volumen 32, número 1, (1984), páginas 83-88 | ||
| 999 | |c 27052 |d 27052 | ||
